Vykazovanie informácií o štruktúre a riadení rizík v účtovnej závierke poisťovne
Povinnosť poisťovní informovať vo svojej účtovnej závierke o štruktúre a riadení rizík, ktoré podstupuje pri vykonávaní poisťovacej a zaisťovacej činnosti. Strategické oblasti ekonomickej prosperity a trvalo udržateľného rastu poisťovní. Kľúčové informácie finančného zdravia a solventnosti poisťovn...
Enregistré dans:
| Auteur principal: | |
|---|---|
| Format: | Chapitre de livre |
| Langue: | slovaque |
| Sujets: | |
| Tags: |
Pas de tags, Soyez le premier à ajouter un tag!
|
MARC
| LEADER | 00000naa$a2200000$$$4500 | ||
|---|---|---|---|
| 001 | 0196759 | ||
| 005 | 20240502083459.8 | ||
| 041 | 0 | |a slo | |
| 044 | |a CZ | ||
| 245 | 1 | 0 | |a Vykazovanie informácií o štruktúre a riadení rizík v účtovnej závierke poisťovne |c Jitka Meluchová |
| 520 | |a Povinnosť poisťovní informovať vo svojej účtovnej závierke o štruktúre a riadení rizík, ktoré podstupuje pri vykonávaní poisťovacej a zaisťovacej činnosti. Strategické oblasti ekonomickej prosperity a trvalo udržateľného rastu poisťovní. Kľúčové informácie finančného zdravia a solventnosti poisťovní. | ||
| 610 | 2 | 0 | |a poisťovníctvo |
| 610 | 2 | 0 | |a poisťovne |
| 610 | 2 | 0 | |a solventnosť |
| 610 | 2 | 0 | |a riadenie rizík |
| 610 | 2 | 0 | |a riziko poistné |
| 610 | 2 | 0 | |a informácie účtovné |
| 610 | 2 | 0 | |a závierka účtovná |
| 100 | 1 | |a Meluchová, Jitka, 1965- | |